000 01183ci a2200325 4500
001 E1111
008 970304 1992
035 _a(Sirsi) u30903
041 0 _aeng
050 0 4 _a333.332 $2 18
100 1 _aCherry, Andrew
245 0 0 _aAsset valuations and the Red Book
_h[sound recording]
260 _aLondon
_bRICS
_c1992
300 _a1
_faudio cassette (60 min.)
350 _a10.21
490 0 _aOwlion Audio Programme
520 _aThis programme explains the obligatory standards to which practising valuers must adhere under the RICS Bye Laws and Regulations as set out in the Red Book
650 2 4 _aRICS APPRAISAL AND VALUATION MANUAL
651 4 _aUnited Kingdom
_y
690 _aPROPERTY-PROPERTY APPRAISAL AND VALUATION
700 1 _aBeaman, Michael
700 1 _aBaldwin, Richard
700 1 _aTurner, David J.
700 1 _aJonas, Christopher
710 2 _aRoyal Institution of Chartered Surveyors
_94900
710 2 _aCollege of Estate Management
_9400
856 4 8 _uhttps://194.154.180.3/uhtbin/cgisirsi.exe/0/0/0/1/117/X/
_zAudio Visual materials can only be used in the library.
942 _n0
948 _c04/03/1997
999 _c85197
_d85197